Vista normal
Vista MARC
Entrada Personal Name
Número de registros utilizados en: 1
001 - CONTROL NUMBER
- control field: 43423
003 - CONTROL NUMBER IDENTIFIER
- control field: OSt
005 - DATE AND TIME OF LATEST TRANSACTION
- control field: 20240216162536.0
008 - FIXED-LENGTH DATA ELEMENTS
- fixed length control field: 240216|| aca||aabn | a|a d
040 ## - CATALOGING SOURCE
- Original cataloging agency: OSt
- Transcribing agency: OSt
100 ## - HEADING--PERSONAL NAME
- Personal name: Stevenson, Sir Steve
670 ## - SOURCE DATA FOUND
- Source citation: Work cat.: (OSt)30586: Stevenson, Sir Steve autor, El retrato sin nombre /